[Event "Corus"]
[Site "Wijk aan Zee"]
[Date "2002.01.12"]
[Round "1"]
[White "Grischuk, Alexander"]
[Black "Kasimdzhanov, Rustam"]
[Result "1-0"]
[WhiteElo "2671"]
[BlackElo "2695"]
[Annotator "Wedberg,T"]
[PlyCount "97"]
[EventDate "2002.01.12"]
[EventType "tourn"]
[EventRounds "13"]
[EventCountry "NED"]
[EventCategory "18"]
[SourceTitle "CBM 087"]
[Source "ChessBase"]
[SourceDate "2002.03.21"]
[SourceVersion "1"]
[SourceVersionDate "2002.03.21"]
[SourceQuality "1"]

1. e4 e5 2. Nf3 Nc6 3. Bb5 a6 4. Ba4 Nf6 5. O-O Be7 6. Re1 b5 7. Bb3 d6 8. c3
O-O 9. h3 Na5 10. Bc2 c5 11. d4 Qc7 12. Nbd2 cxd4 13. cxd4 Rd8 14. b3 Nc6 15.
Bb2 exd4 16. Nxd4 Nxd4 17. Bxd4 Be6 (17... Bb7 18. b4 $5 Rac8 19. Rc1 Qb8 20.
a3 Re8 21. Nf1 Bd8 22. Ng3 $36 {1-0 Korneev,O-Fernandez Garcia,J/Elgoibar 2000/
CBM 81 (48)}) 18. Rc1 Qa5 19. Nf1 $146 {[%mdl 8]} (19. Bb1 Rac8 (19... d5 20.
e5 Ne4 21. Nf1 Rdc8 22. Qd3 g6 23. f3 $14 {1-0 Ivanov,A-Pedzich,D/Oak Bridge
2000/EXT 2001 (38)}) 20. Rxc8 Rxc8 21. Nf1 Nd7 22. Re2 Qc7 23. Bb2 Qb6 24. Rd2
Rc6 25. Ne3 $16 {1-0 Kolev,A-Alvarez Ibarra,R/Zaragoza 2001/EXT 2002 (30)})
19... Ne8 $5 {[%cal Ye7f6] An unusual move perhaps giving us an insight into
the preparations of Kasimdzanov. He wants to try to play this line without the
break d5.} (19... Qxa2 $4 20. Ra1 $18) (19... d5 20. e5 Ne4 21. f3 $14) 20. Qd3
Rac8 21. Bb1 (21. e5 $2 g6 {gives Black a good game.}) 21... Rxc1 22. Rxc1 Rc8
23. Rd1 $14 {White has a slight advantage here as usual. Blacks main problem
is the lack of play. White controls the centre and can build his plans around
that. Black needs some counter, but there isn't any since d5 always runs into
e5.} Qa3 24. Qd2 Bd8 25. Ne3 Qa5 26. Qd3 b4 27. f4 Kf8 28. f5 Bd7 29. Nc4 (29.
Nd5 $16) 29... Qb5 30. Qg3 Bf6 31. Bxf6 gxf6 32. Kh1 $6 (32. Nxd6 Qb6+ 33. Qf2
Qxf2+ 34. Kxf2 $18) 32... Qc5 33. Qf4 (33. Kh2 $142) 33... Bb5 34. Ne3 Qe5 35.
Qh6+ Kg8 36. Nd5 Bc6 37. Nb6 Rd8 38. Nc4 Qg3 39. Qh5 d5 $1 $132 {Finally Black
gets a chance to act.} 40. Bc2 Qc3 $6 (40... Qf2 $142 $5) 41. Qe2 $1 Kf8 42.
Rd3 Qa1+ 43. Bd1 Bb5 $2 (43... d4 44. e5 $40) 44. Qd2 $18 {[%csl Rb4,Rd5]} d4
45. Qxb4+ Nd6 46. Qc5 Bxc4 47. bxc4 Qxa2 48. Qc7 Ke8 49. Rg3 1-0

[Event "Budapest FS10 GM"]
[Site "Budapest"]
[Date "1993.??.??"]
[Round "2"]
[White "Leko, Peter"]
[Black "Lukacs, Peter"]
[Result "1-0"]
[WhiteElo "2555"]
[BlackElo "2485"]
[Annotator "Wolff,P"]
[PlyCount "125"]
[EventDate "1993.10.??"]
[EventType "tourn"]
[EventRounds "11"]
[EventCountry "HUN"]
[EventCategory "9"]
[SourceTitle "CBM 038"]
[Source "ChessBase"]
[SourceDate "1994.02.01"]
[SourceVersion "1"]
[SourceVersionDate "1994.02.01"]
[SourceQuality "1"]

1. e4 {Ernst} e5 2. Nf3 Nc6 3. Bb5 a6 4. Ba4 Nf6 5. O-O Be7 6. Re1 b5 7. Bb3 d6
8. c3 O-O 9. h3 Na5 10. Bc2 c5 11. d4 Qc7 12. Nbd2 Bd7 13. Nf1 cxd4 14. cxd4
Rac8 15. Ne3 $1 (15. Re2 {When Black plays 12...Bb7, White should play 15.Re2,
but when Black plays 12...Bd7, White is supposed to play 15.Ne3. Even so, 15.
Re2 may be +/=.} Nc6 16. a3 $5 $146 Rfe8 (16... exd4 17. Nxd4 Nxd4 18. Qxd4 Be6
$132) 17. d5 Na5 18. Ng3 g6 19. b3 Nb7 20. b4 $14 {Brodskij,M-Obukhov,A Sochi
1993}) 15... Nc6 16. d5 Nb4 17. Bb1 a5 18. a3 Na6 19. b4 g6 20. Bd2 Nh5 21. Bd3
(21. Ra2 $5 Qb7 (21... axb4 22. axb4 Qb7) 22. bxa5 $5 Nc5 23. Ng4 $1 Kh8 24.
Bb4 Nf4 25. Ngxe5 $1 dxe5 26. Nxe5 $44 {Ivanov,A-Renner,Ch 1991}) (21. bxa5 $5
Nc5 22. Bb4 Nf4 23. Bc2 {White can look for a better move here.} f5 24. exf5
gxf5 25. Rc1 Qa7 26. Qd2 e4 27. Nd4 Ncd3 28. Bxd3 Rxc1 29. Rxc1 Nxd3 30. Nc6
Bxc6 31. Rxc6 f4 32. Ng4 h5 33. Nh6+ Kh7 34. Bxd6 Bxd6 35. Rxd6 Rc8 36. Kh2 Rc1
37. Rc6 Rxc6 38. dxc6 Kxh6 39. Qc2 Qc7 40. a6 f3+ 41. g3 h4 42. a7 hxg3+ 43.
fxg3 Qxa7 44. c7 f2 45. Qc6+ Kg7 46. Qd7+ Kg6 47. Qe6+ Kg7 48. Qd7+ Kg6 49.
Qd6+ $1 Kg5 (49... Kg7 50. c8=Q f1=Q (50... f1=N+ 51. Kh1 Nf2+ 52. Kg2 Ne3+ 53.
Kg1 Nxh3+ 54. Kh2 $1 $18) 51. Qg4+ $18) (49... Kh7 50. Qe7+ Kg6 51. Qxe4+ Kh6
52. Qxd3 Qxc7 53. Qe3+ $18) 50. h4+ Kg4 51. c8=Q+ $18 {Ernst,T-Howell,J London
Lloyds 1988}) 21... Nf4 22. Bf1 f5 23. exf5 (23. Qb3 Kh8 24. Rac1 Qa7 25. Rxc8
Rxc8 26. Qb1 $14 {Gruenfeld,Y-Pleister,L 1986}) 23... gxf5 24. Rc1 Qb7 25. Rxc8
Qxc8 26. bxa5 Nc5 27. Bb4 e4 28. Nd4 $5 $146 (28. Bxc5 Qxc5 (28... exf3 29.
Qxf3 Nxh3+ 30. Qxh3 f4 31. Qh5 $16 {Sax}) 29. Nd4 $14 {Complicated, but better
for White, from Sax-Thipsay, Manila (izt) 1990} (29. Nd4 {Ernst} Bd8 30. Nc6
$14 {Sax-Thipsay/Manila(izt)/1990/})) 28... Ncd3 29. Bxd3 Nxd3 30. Re2 f4 31.
Nf1 Bh4 (31... Bf5 32. Nd2 $18 Nc1 $140 33. Re1 $1 Nd3 34. Nxf5) 32. Ne6 $1
Bxe6 $8 (32... Rf6 33. g3 (33. Rc2 Bxf2+ 34. Rxf2 Nxf2 35. Kxf2 Bxe6 36. dxe6
e3+ $13) 33... Bxe6 34. dxe6 fxg3 (34... Qxe6 35. Qxd3 $1 exd3 36. Rxe6 Rxe6
37. gxh4 $16) (34... Rg6 35. Rxe4 $16) (34... d5 35. Rc2 $1 $18) 35. fxg3 $16)
33. dxe6 Re8 (33... Qxe6 34. Qxd3) 34. g3 Rxe6 35. Rc2 (35. gxh4 $2 {Ernst}
Rg6+ 36. Kh2 f3 $19) 35... Qd8 36. Qg4+ (36. gxh4 {Ernst} Qxh4 $40) 36... Rg6
37. Qc8 $1 $18 {/\ 38.Qxd8+ Bxd8 39.Rc8} fxg3 (37... Kg7 38. Rc7+ Kh6 39. Qb7
$18) 38. fxg3 Qxc8 (38... Kg7 39. Rc7+ Kh6 40. Bd2+ $18) 39. Rxc8+ Kf7 40. a6
Bf6 41. a7 Bd4+ 42. Kg2 Rf6 43. Rc2 (43. a8=Q $2 {Ernst} Rf2+ 44. Kg1 Rf3+ $10)
43... Bxa7 44. Rc7+ Ke6 45. Rxa7 Rf2+ 46. Kg1 Re2 47. Bc3 Ra2 48. Rxh7 Rxa3 49.
Bd4 Ra2 50. Ne3 Ne1 51. Rh6+ Kd7 52. Kf1 Nf3 53. Bc3 Ra4 (53... Ra3 $5 {Ernst}
54. Rxd6+ Kc7 55. Rd1 $1 $18 (55. Nd1 $2 Rxc3 $16)) 54. Nf5 b4 55. Rxd6+ Kc7
56. Bf6 Ra2 57. Bd8+ Kb7 58. Rb6+ Kc8 59. Bf6 b3 60. Bc3 Rh2 61. h4 Kd7 62.
Rxb3 Ke6 63. Nd4+ 1-0